000
00308nam a22001217a 4500
008
230621b xxu||||| |||| 00| 0 eng d
082
_a
328.6
_b
MAT
100
_c
Hansraj Mathur
245
_a
Parliament in Mauritius
260
_a
Mauritius
_b
Editions de Locean indien
_c
1991
300
_a
321p
942
_2
ddc
_c
BK
999
_c
2194
_d
2194